The fisheries of the Zambezi basin: proceedings (Record no. 63167)

MARC details
000 -LEADER
fixed length control field 01335nam a2200229 a 4500
008 - FIXED-LENGTH DATA ELEMENTS--GENERAL INFORMATION
fixed length control field 110112s2007 ||||||||||||||||| || u
020 ## - INTERNATIONAL STANDARD BOOK NUMBER
International Standard Book Number 9789832346609
050 ## - LIBRARY OF CONGRESS CALL NUMBER
Classification number SH 312.Z36 Int
100 ## - MAIN ENTRY--PERSONAL NAME
Personal name The WorldFish Center
245 14 - TITLE STATEMENT
Title The fisheries of the Zambezi basin: proceedings
Statement of responsibility, etc. The WorldFish Cente
260 ## - PUBLICATION, DISTRIBUTION, ETC.
Place of publication, distribution, etc. Penang, Malaysia
Name of publisher, distributor, etc. The WorldFish Center
Date of publication, distribution, etc. 2007
300 ## - PHYSICAL DESCRIPTION
Extent viii, 83p.: ill
350 ## -
-- 0.00
490 ## -
-- The WorldFish Center conference proceedings, no 75
650 ## - SUBJECT ADDED ENTRY--TOPICAL TERM
Topical term or geographic name entry element AQUACULTURE
650 ## - SUBJECT ADDED ENTRY--TOPICAL TERM
Topical term or geographic name entry element FISHERIES--ZAMBEZI RIVER
710 ## - ADDED ENTRY--CORPORATE NAME
Corporate name or jurisdiction name as entry element International Workshop on the Fisheries of the Zambezi Basin (2004, 31 May - 2 June: Livingstone, Zambia)
995 ## -
-- SPECIAL COLLECTIONS
-- 0.00
-- 742420
-- CBU-KAPASA MAKASA LIBRARY (Chinsali)
-- 1
-- 0.00
-- ZAM SH 312.Z36 INT
-- 4
-- AVAILABLE
-- Jan 27, 2011
-- 742420
-- Zambiana Collection
995 ## -
-- SPECIAL COLLECTIONS
-- 0.00
-- 742418
-- CBU-MAIN LIBRARY (Kitwe)
-- 1
-- 0.00
-- ZAM SH 312.Z36 INT
-- 2
-- AVAILABLE
-- Jan 27, 2011
-- 742418
-- Zambiana Collection
995 ## -
-- SPECIAL COLLECTIONS
-- 0.00
-- 742417
-- CBU-MAIN LIBRARY (Kitwe)
-- 1
-- 0.00
-- ZAM SH 312.Z36 INT
-- 1
-- AVAILABLE
-- Jan 27, 2011
-- 742417
-- Zambiana Collection
995 ## -
-- SPECIAL COLLECTIONS
-- 0.00
-- 742419
-- CBU-KAPASA MAKASA LIBRARY (Chinsali)
-- 1
-- 0.00
-- ZAM SH 312.Z36 INT
-- 3
-- AVAILABLE
-- Jan 27, 2011
-- 742419
-- Zambiana Collection
999 ## -
-- 63167
-- 63167
Holdings
Withdrawn status Lost status Source of classification or shelving scheme Damaged status Not for loan Permanent Location Current Location Date acquired Full call number Barcode Date last seen Price effective from Koha item type
          CBU-MAIN LIBRARY, KITWE. CBU-MAIN LIBRARY, KITWE. 12/24/2022 ZAM SH 312.Z36 Int 742418 12/24/2022 12/24/2022 SPECIAL COLLECTION
          CBU-MAIN LIBRARY, KITWE. CBU-MAIN LIBRARY, KITWE. 12/24/2022 ZAM SH 312.Z36 Int 742417 12/24/2022 12/24/2022 SPECIAL COLLECTION